| 000 | 00760cam a2200241 a 4500 | ||
|---|---|---|---|
| 003 | OSt | ||
| 005 | 20170706213012.0 | ||
| 008 | 170705b xxu||||| |||| 00| 0 eng d | ||
| 020 | _a0195043774 | ||
| 020 | _a0195065786 | ||
| 040 |
_aLDCLIB _cLDCLIB |
||
| 082 | 0 | 4 |
_aRef. 340.03 _222 _bGAR |
| 100 | 1 |
_aGarner, Bryan A. _9125 |
|
| 245 | 1 | 2 |
_aA Dictionary of Modern Legal Usage / _cBryan A. Garner. |
| 260 |
_aNew York : _bOxford University Press, _cc1987. |
||
| 300 |
_axviii, 587 p. ; _c24 cm. |
||
| 504 | _aIncludes bibliographical references. | ||
| 650 | 0 |
_aLaw _zUnited States _xTerminology. _9126 |
|
| 650 | 0 |
_aLaw _zUnited States _xLanguage. _9127 |
|
| 650 | 0 |
_aLegal composition. _939 |
|
| 650 | 0 |
_aEnglish language _xUsage _xDictionaries. _9128 |
|
| 942 |
_2ddc _cBK |
||
| 999 |
_c45 _d45 |
||